000
00313nam a22001337a 4500
008
170525b xxu||||| |||| 00| 0 eng d
020
_a
9780912045085
041
_a
eng
080
_2
7TH
_a
62
100
_a
26
101
_a
IM
245
_a
ENGINEER-IN-TRAINING REFERENCE MANUAL
_c
LINDEBURG,M.R
942
_2
udc
_c
BK
999
_c
14222
_d
14222